书目信息 |
| 题名: |
大学生心理健康教育
|
|
| 作者: | 陈珩 主编 | |
| 分册: | ||
| 出版信息: | 北京 化学工业出版社 2007.08 |
|
| 页数: | 213页 | |
| 开本: | 26cm | |
| 丛书名: | ||
| 单 册: | ||
| 中图分类: | G647.9 | |
| 科图分类: | ||
| 主题词: | 大学生--心理卫生--高等教育--教材 , 大学生 , 心理卫生 , 教育--各级 | |
| 电子资源: | ||
| ISBN: | 978-7-122-00659-2 | |
| 000 | 01239nam0 2200325 450 | |
| 001 | 003604622 | |
| 005 | 20071112100022.0 | |
| 010 | @a978-7-122-00659-2@dCNY25.00 | |
| 090 | @aB844@bch | |
| 096 | @aB844@bch | |
| 100 | @a20070402d2007 em y0chiy50 ea | |
| 101 | 0 | @achi |
| 102 | @aCN@b110000 | |
| 105 | @aa z 000yy | |
| 200 | 1 | @a大学生心理健康教育@Ada xue sheng xin li jian kang jiao yu@b专著@e心理课堂@f陈珩主编@9da xue sheng xin li jian kang jiao yu · xin li ke tang |
| 210 | @a北京@c化学工业出版社@d2007.08 | |
| 215 | @a213页@c图@d26cm | |
| 300 | @a高职高专“十一五”规划教材 | |
| 330 | @a本书设计了九个单元,每个单元设计了两个课题,全书共18个课题,主要涉及心理学基本知识,大学生对校园生活和学习的适应,与同学、朋友、亲人等如何相处,正确处理恋爱问题,科学应对学习、就业、人际交往压力的心理调适,以及对学习生活、自我形象和职业生涯的合理规划,包括了校园生活的方方面面。 | |
| 517 | 1 | @a心理课堂@Axin li ke tang |
| 606 | 0 | @a大学生@x心理卫生@x高等教育@j教材 |
| 606 | 0 | @a大学生 |
| 606 | 0 | @a心理卫生 |
| 606 | 0 | @a教育@x各级 |
| 690 | @aG647.9@v5 | |
| 701 | 0 | @a陈珩@c(心理咨询)@4主编@9chen heng |
| 801 | 0 | @aCN@b110019@c20070922 |
| 905 | @aBZT@dG647.9@e3 | |
| 906 | @dCNY25.00@n0@r1 | |
| SYS | @003604622 | |
| 大学生心理健康教育:心理课堂/陈珩主编.-北京:化学工业出版社,2007.08 |
| 213页:图;26cm |
| 高职高专“十一五”规划教材 |
| ISBN 978-7-122-00659-2:CNY25.00 |
| 本书设计了九个单元,每个单元设计了两个课题,全书共18个课题,主要涉及心理学基本知识,大学生对校园生活和学习的适应,与同学、朋友、亲人等如何相处,正确处理恋爱问题,科学应对学习、就业、人际交往压力的心理调适,以及对学习生活、自我形象和职业生涯的合理规划,包括了校园生活的方方面面。 |
| ● |
| 相关链接 |
|
|
|
正题名:大学生心理健康教育
索取号:G647.9/3
 
预约/预借
| 序号 | 登录号 | 条形码 | 馆藏地/架位号 | 状态 | 备注 |
| 1 | 759982 | 2000759982 | 样本书库/样005架B面2层1列/ [索取号:G647.9/3] | 在馆 | |
| 2 | 759983 | 2000759983 | 中心书库北库/ 北库027架B面2列2层32/ [索取号:G647.9/3] | 在馆 | |
| 3 | 759984 | 2000759984 | 中心书库北库/ 北库027架B面2列2层31/ [索取号:G647.9/3] | 在馆 | |
| 4 | 759985 | 2000759985 | 中心书库北库/ 北库027架B面2列2层30/ [索取号:G647.9/3] | 在馆 |